00531 2200205 4500001002100000005001700021008004100038020001800079035002500097090001800122100001700140245002200157250001100179260003400190300003100224650002400255850001200279990001700291990001700308YOGYA-0211000000362020150309153355.0 ind  a979-514-950-4 a0010-021100000003620 aRQ 745bSua O aSUARDI, Dedy aOrnamen geometris aCet. 1 aBandungbRemaja Rosdakaryac0 aviii, 48 hlm.;ilus.;28 cm. aDekorasi dan hiasan aYOPDYOG a2605-pd/p.04 a2606-pd/p.04